00589nam a2200121Ia 4500008004100000100002100041245011000062245014500172260003200317260001400349650001200363856009200375160809s9999 xx 000 0 und d aLuntsi, Geofery. aAssessment of Knowledge and Attitude of Nurses towards Ionizing Radiation during Theatre/Ward Radiography cGeofery Luntsi, Aishatu Babagana Ajikolo, Nkubli Bobuin Flaviuos, Lola Nelson, Chigozie Nwobi, Jamila Muhammed Hassan and Fati Adamu Malgwi. bJournal of Nursing and Care cJuly 2016 xNURSING uhttp://www.omicsgroup.org/journals/ArchiveJNC/currentissue-nursing-care-open-access.php